000 00519nam a22001932 4500
001 0000005989
005 20170406121138.0
008 150625s xx 000 0 eng d
020 _c$
040 _aYour Holding Symbol
_cYour Holding Symbol
100 1 _aCartey Willfred.
245 1 4 _aThe africa reader :
_bcolonial africa.
250 _a ed.
260 _aNew york :
_bVINTAGE BOOKS,
_c1966.
300 _a264 p. ;
_c cm.
504 _aINDEX.
650 0 _aColonial africa.
908 _a150625
999 _c5749
_d5749